[Event "4NCL Division 4 South"]
[Site "Daventry, ENG"]
[Date "2019.02.10"]
[Round "6.35"]
[White "Bellers, Chris J"]
[Black "Hirst, Joe"]
[Result "1/2-1/2"]
[WhiteElo "1939"]
[BlackElo "1615"]
[PlyCount "55"]
[EventDate "2019.02.10"]
[WhiteTeam "Wessex B"]
[BlackTeam "Wood Green Youth"]

1. Nf3 Nf6 2. c4 g6 3. g3 Bg7 4. Bg2 O-O 5. O-O d6 6. Nc3 e5 7. d3 c6 8. e4
Nbd7 9. h3 a5 10. Be3 Nc5 11. Rb1 Qe7 12. Ne1 Nh5 13. Kh2 f5 14. exf5 Qd7 15.
fxg6 hxg6 16. Ne4 Nxe4 17. dxe4 Qe6 18. Rc1 Nf6 19. Qd3 b5 20. cxb5 cxb5 21.
Rc6 Rd8 22. Nf3 Bb7 $11 23. Ng5 Qd7 24. Rc2 a4 25. Rfc1 Rac8 26. b3 Rxc2 27.
Rxc2 d5 28. exd5 1/2-1/2

[Event "4NCL Division 4 South"]
[Site "Daventry, ENG"]
[Date "2019.02.10"]
[Round "6.36"]
[White "Johal, Amrissa Kaur"]
[Black "Adaway, William"]
[Result "1/2-1/2"]
[WhiteElo "1360"]
[BlackElo "1865"]
[PlyCount "75"]
[EventDate "2019.02.10"]
[WhiteTeam "Wood Green Youth"]
[BlackTeam "Wessex B"]

1. d4 Nf6 2. Nc3 d6 3. e4 Nbd7 4. Bg5 h6 5. Bxf6 Nxf6 6. h3 c6 7. Nf3 Qa5 8.
Qd2 e5 9. d5 Be7 10. Be2 O-O 11. O-O Re8 12. Rfe1 Qb6 13. Rab1 cxd5 14. Nxd5
Nxd5 15. Qxd5 Be6 16. Qb5 Qxb5 17. Bxb5 Rec8 18. c3 Bxa2 19. Ra1 Be6 20. Red1
a6 21. Ba4 b5 22. Bc2 b4 23. Bd3 bxc3 24. bxc3 a5 25. Rdc1 Rc5 26. Kh2 a4 27.
Ra3 Bb3 28. Nd2 Rb8 29. Nxb3 axb3 30. c4 Rc7 31. Rb1 Rcb7 32. Rb2 d5 33. Ra1
dxc4 34. Bxc4 Bc5 35. Rab1 Bd4 36. Rxb3 Rxb3 37. Bxb3 Kf8 38. f3 1/2-1/2

[Event "4NCL Division 4 South"]
[Site "Daventry, ENG"]
[Date "2019.02.10"]
[Round "6.41"]
[White "Elwin, Adrian G"]
[Black "Hadi, Justin"]
[Result "1/2-1/2"]
[WhiteElo "1983"]
[BlackElo "1990"]
[PlyCount "90"]
[EventDate "2019.02.10"]
[WhiteTeam "MK Phoenix 2"]
[BlackTeam "Oxford 3"]

1. d4 Nf6 2. c4 e6 3. Nc3 Bb4 4. Qc2 Nc6 5. Nf3 d6 6. e4 e5 7. d5 Bxc3+ 8. bxc3
Nb8 9. c5 O-O 10. cxd6 cxd6 11. Bd3 Nbd7 12. O-O Nc5 13. Be3 b6 14. Bxc5 bxc5
15. Nd2 Nd7 16. Nc4 Nb6 17. f4 Nxc4 18. Bxc4 f6 19. fxe5 fxe5 20. Rxf8+ Kxf8
21. Rf1+ Kg8 22. Rb1 Qc7 23. Qb3 Bd7 24. Qb7 Rc8 25. Qxc7 Rxc7 26. h3 Kf7 27.
Kf2 Bc8 28. Rb8 Kf6 29. Kg3 Kg5 30. h4+ Kf6 31. Rb2 h6 32. Be2 Rb7 33. Rxb7 $11
Bxb7 34. Kf3 Bc8 35. g4 g5 36. h5 Ke7 37. Ke3 Kd7 38. c4 Kc7 39. Kd3 Kb6 40.
Kc3 Ka5 41. Kb3 Bd7 42. a3 Ba4+ 43. Kb2 a6 44. Kc3 Bd7 45. Kb3 Ba4+ 1/2-1/2

[Event "4NCL Division 4 South"]
[Site "Daventry, ENG"]
[Date "2019.02.10"]
[Round "6.42"]
[White "Dogoda, Rafal"]
[Black "Valentine, Brian J"]
[Result "1/2-1/2"]
[WhiteElo "1880"]
[BlackElo "1950"]
[PlyCount "38"]
[EventDate "2019.02.10"]
[WhiteTeam "Oxford 3"]
[BlackTeam "MK Phoenix 2"]

1. Nf3 c5 2. c4 Nc6 3. g3 g6 4. Bg2 Bg7 5. O-O e6 6. Nc3 Nge7 7. e4 O-O 8. d3
Nd4 9. Nxd4 cxd4 10. Ne2 d6 11. b4 e5 12. a4 f5 13. b5 Rb8 14. Ba3 Be6 15. f3
Qd7 16. Qd2 Rf7 17. Qb4 Nc8 18. Rac1 Bf8 19. Qb2 Bg7 1/2-1/2

[Event "4NCL Division 4 South"]
[Site "Daventry, ENG"]
[Date "2019.02.10"]
[Round "6.43"]
[White "Kendall, Paul S N"]
[Black "Burrows, Nick"]
[Result "0-1"]
[WhiteElo "1963"]
[BlackElo "1909"]
[PlyCount "102"]
[EventDate "2019.02.10"]
[WhiteTeam "MK Phoenix 2"]
[BlackTeam "Oxford 3"]

1. e4 c6 2. d4 d5 3. e5 Bf5 4. h4 Qb6 5. Ne2 h5 6. Ng3 Bg4 7. Qd3 g6 8. f3 Bd7
9. Qb3 Na6 10. c3 e6 11. Na3 $11 O-O-O 12. Bg5 Be7 13. Qxb6 axb6 14. Bxe7 Nxe7
15. b4 c5 16. Rb1 cxd4 17. cxd4 Kb8 18. Kd2 Nc7 19. Bd3 Ne8 20. Nc2 $11 Ng7 21.
Ne2 Nc6 22. Nf4 Nf5 23. Bxf5 gxf5 24. Nh3 Na7 25. Ng5 Rdf8 26. f4 Bb5 27. Na3
Rhg8 28. Rbc1 Ba4 29. Ke3 Rc8 30. Nb1 Bc2 31. Kd2 Be4 32. Rxc8+ Rxc8 33. Nc3
Nc6 34. Nxf7 Nxd4 35. Nd6 Rg8 36. Ncxe4 dxe4 37. Ke3 Nc2+ 38. Kf2 Nxb4 39. Rb1
Nd3+ 40. Ke3 Rg3+ 41. Kd4 Kc7 42. Nb5+ Kd7 43. Na7 Nxf4 44. Rxb6 Kc7 45. Rb1
Rd3+ 46. Kc4 Nxg2 47. Nb5+ Kd7 48. Nd6 Ne3+ 49. Kc5 Rd5+ 50. Kb6 Rxe5 51. Nxb7
Nc4+ 0-1

[Event "4NCL Division 4 South"]
[Site "Daventry, ENG"]
[Date "2019.02.10"]
[Round "6.44"]
[White "Tselos, Aristotelis"]
[Black "Obi, Marc On"]
[Result "1/2-1/2"]
[WhiteElo "1915"]
[BlackElo "1832"]
[PlyCount "78"]
[EventDate "2019.02.10"]
[WhiteTeam "Oxford 3"]
[BlackTeam "MK Phoenix 2"]

1. e4 c5 2. Nf3 d6 3. d4 cxd4 4. Nxd4 Nf6 5. Nc3 a6 6. Be3 Ng4 7. Bg5 h6 8. Bh4
g6 9. h3 Ne5 10. f4 Nec6 11. Nf3 Bg7 12. Bd3 Nd7 13. Bf2 b5 14. Rb1 Bb7 15. O-O
O-O 16. Be3 Nc5 17. Bxc5 dxc5 18. e5 c4 19. Be4 Qb6+ 20. Kh1 e6 21. Qe2 Rfd8
22. Rbd1 Bf8 23. Rxd8 Rxd8 24. Rd1 b4 25. Rxd8 Nxd8 26. Na4 Qb5 27. Bxb7 Qxa4
28. Be4 Qxa2 29. Qd2 Qa5 30. Qd4 c3 31. b3 Bc5 32. Qd7 Bb6 33. Qe8+ Kg7 34. Qe7
Qc5 35. Qf6+ Kg8 36. h4 Qe3 37. Bd3 Nc6 38. Bxg6 fxg6 39. Qxe6+ Kh7 1/2-1/2

[Event "4NCL Division 4 South"]
[Site "Daventry, ENG"]
[Date "2019.02.10"]
[Round "6.45"]
[White "Whiteside, Robert"]
[Black "Rudny, Tomasz"]
[Result "1/2-1/2"]
[WhiteElo "1812"]
[BlackElo "1900"]
[PlyCount "65"]
[EventDate "2019.02.10"]
[WhiteTeam "MK Phoenix 2"]
[BlackTeam "Oxford 3"]

1. e4 e5 2. Nf3 Nc6 3. Bb5 Nf6 4. d3 d6 5. O-O Be7 6. c3 a6 7. Ba4 b5 8. Bc2
O-O 9. a4 Bb7 10. Re1 h6 11. Nbd2 Re8 12. Nf1 Bf8 13. Ng3 g6 14. Be3 Nb8 15.
Qc1 Kh7 16. Bb3 Re7 17. Nh4 Nbd7 18. f4 Ng4 19. f5 Nxe3 20. fxg6+ fxg6 21. Qxe3
Nc5 22. Ba2 bxa4 23. Bc4 Bc8 24. Rf1 Rg7 25. Nf3 Be7 26. d4 exd4 27. cxd4 Be6
28. Bxe6 Nxe6 29. Rxa4 c5 30. Rfa1 cxd4 31. Nxd4 Nxd4 $11 32. Qxd4 Bf6 33. Qf2
1/2-1/2

[Event "4NCL Division 4 South"]
[Site "Daventry, ENG"]
[Date "2019.02.10"]
[Round "6.46"]
[White "Terry, Sean"]
[Black "Miller, Max C"]
[Result "0-1"]
[WhiteElo "1905"]
[BlackElo "1720"]
[PlyCount "42"]
[EventDate "2019.02.10"]
[WhiteTeam "Oxford 3"]
[BlackTeam "MK Phoenix 2"]

1. c4 Nf6 2. b3 e6 3. Bb2 b6 4. d4 c5 5. e3 Bb7 6. Nf3 g6 7. Nc3 cxd4 8. exd4
Bg7 9. Ba3 a6 10. Bd6 Ne4 11. Nxe4 Bxe4 12. Ne5 Nc6 13. f3 Nxe5 14. fxe4 Qh4+
15. Kd2 Qf4+ 16. Kc3 Qe3+ 17. Kb4 Nc6+ 18. Ka3 Nxd4 19. Rc1 Qxe4 20. Qd3 Nb5+
21. cxb5 axb5# 0-1

[Event "4NCL Division 4 South"]
[Site "Daventry, ENG"]
[Date "2019.02.10"]
[Round "6.51"]
[White "Finn, Thomas"]
[Black "Fletcher, John"]
[Result "1/2-1/2"]
[WhiteElo "1960"]
[BlackElo "1986"]
[PlyCount "88"]
[EventDate "2019.02.10"]
[WhiteTeam "Sussex Martlets 3"]
[BlackTeam "The Full Ponty"]

1. e4 c5 2. Nc3 Nc6 3. g3 g6 4. Bg2 e5 5. d3 Bg7 6. f4 d6 7. Nf3 Nge7 8. O-O
O-O 9. Be3 Nd4 10. fxe5 dxe5 11. Ne2 b6 12. c3 Nxf3+ 13. Bxf3 Ba6 14. c4 Nc6
15. a3 Bc8 16. Qc2 Bh3 17. Rf2 Qd7 18. Nc3 Nd4 19. Bxd4 Qxd4 20. Nd5 Bh6 21.
Bg2 Be6 22. Kh1 Rad8 23. Re1 Kg7 24. Qe2 Rd7 25. h4 Rd6 26. Qf3 Bg4 27. Qxg4
Qxf2 28. Rf1 Qd2 29. Rf3 Kh8 30. b4 Qd1+ 31. Kh2 f5 32. exf5 Rxf5 33. Qe4 Bg7
34. Rxf5 gxf5 35. Qxf5 Rd8 36. Nf6 Qxd3 37. Be4 Qd2+ 38. Kh3 Qh6 39. Nxh7 Kg8
40. Ng5 Qf6 41. Qh7+ Kf8 42. bxc5 Qf1+ 43. Kg4 Qe2+ 44. Kh3 Qf1+ 1/2-1/2

[Event "4NCL Division 4 South"]
[Site "Daventry, ENG"]
[Date "2019.02.10"]
[Round "6.52"]
[White "Adams, Mark"]
[Black "Neale, George"]
[Result "1-0"]
[WhiteElo "1971"]
[BlackElo "1877"]
[PlyCount "83"]
[EventDate "2019.02.10"]
[WhiteTeam "The Full Ponty"]
[BlackTeam "Sussex Martlets 3"]

1. e4 e5 2. Nf3 Nf6 3. Nxe5 d6 4. Nf3 Nxe4 5. Nc3 Nxc3 6. dxc3 Nc6 7. Be3 Be7
8. Qd2 Be6 9. O-O-O Qd7 10. Kb1 O-O-O 11. Bb5 a6 12. Bxc6 Qxc6 13. Rhg1 Bg4 14.
Nd4 Qd7 15. f3 Be6 16. Nxe6 fxe6 17. Rge1 Rhe8 18. Qd3 h6 19. a3 Bf6 20. Bd4
Bxd4 $11 21. cxd4 e5 22. dxe5 Rxe5 23. Rxe5 dxe5 24. Qxd7+ Rxd7 25. Kc1 Rxd1+
26. Kxd1 Kd7 27. Kd2 Ke6 28. Kd3 Kf5 29. Ke3 h5 30. g3 g6 31. h3 b5 32. b4 c6
33. h4 Ke6 34. Ke4 Kf6 35. g4 Ke6 36. gxh5 gxh5 37. f4 exf4 38. Kxf4 Kf6 39. c3
Kg6 40. Ke5 Kg7 41. Kf5 Kh6 42. Kf6 1-0

[Event "4NCL Division 4 South"]
[Site "Daventry, ENG"]
[Date "2019.02.10"]
[Round "6.53"]
[White "Michaud, Gerald"]
[Black "Hughes, Anthony"]
[Result "1-0"]
[WhiteElo "1795"]
[BlackElo "1901"]
[PlyCount "87"]
[EventDate "2019.02.10"]
[WhiteTeam "Sussex Martlets 3"]
[BlackTeam "The Full Ponty"]

1. d4 d5 2. c4 e6 3. Nc3 Be7 4. Nf3 Nf6 5. Bg5 h6 6. Bh4 dxc4 7. e3 O-O 8. Bxc4
Nh5 9. Bxe7 Qxe7 10. O-O Nf6 11. Ne5 c5 12. Qb3 Nc6 13. Nxc6 bxc6 14. Qa3 Nd5
15. Bxd5 exd5 16. Qxc5 Qxc5 17. dxc5 Rb8 18. b3 Bg4 19. f3 Bf5 20. Rfd1 Rfe8
21. Kf2 g5 22. Ne2 Re7 23. Nd4 Bd7 24. g4 Kg7 25. Rh1 Kg6 26. h4 Rbe8 27. Rae1
Rf8 28. hxg5 hxg5 29. Rh2 f5 30. gxf5+ Bxf5 31. Reh1 Be4 32. Ke2 Bf5 33. Rh6+
Kg7 34. Rxc6 Bd7 35. Rch6 Rfe8 36. Rh7+ Kg8 37. Rh8+ Kg7 38. R1h7+ Kf6 39. Rxe7
Kxe7 40. Rh7+ Kd8 41. c6 Be6 42. c7+ Kc8 43. Nb5 d4 44. Nd6# 1-0

[Event "4NCL Division 4 South"]
[Site "Daventry, ENG"]
[Date "2019.02.10"]
[Round "6.54"]
[White "Perrett, David C"]
[Black "Finn, Daniel"]
[Result "1/2-1/2"]
[WhiteElo "1931"]
[BlackElo "1810"]
[PlyCount "57"]
[EventDate "2019.02.10"]
[WhiteTeam "The Full Ponty"]
[BlackTeam "Sussex Martlets 3"]

1. d4 d5 2. Bg5 Nf6 3. Bxf6 exf6 4. e3 Bd6 5. Bd3 O-O 6. Nd2 c6 7. c3 Be6 8.
Qc2 h6 9. Ngf3 Nd7 10. Nh4 Nb6 11. Nf5 Bc7 12. h3 Re8 13. Nb3 Rb8 14. Nc5 Nd7
15. Nxe6 fxe6 16. Nh4 f5 17. Nf3 Nf6 18. O-O-O b5 19. g4 Ne4 20. Rdg1 a5 21.
gxf5 exf5 22. Rg6 Qd7 23. Rhg1 Re6 24. Nh4 Rxg6 25. Nxg6 Re8 26. f3 Nd6 27. Ne5
Qe7 28. Qg2 Qf6 29. Qg6 1/2-1/2

[Event "4NCL Division 4 South"]
[Site "Daventry, ENG"]
[Date "2019.02.10"]
[Round "6.55"]
[White "Woods, Timothy J"]
[Black "Goldrick, Thomas G"]
[Result "1/2-1/2"]
[WhiteElo "1682"]
[BlackElo "1872"]
[PlyCount "39"]
[EventDate "2019.02.10"]
[WhiteTeam "Sussex Martlets 3"]
[BlackTeam "The Full Ponty"]

1. e4 c5 2. Nf3 e6 3. d4 cxd4 4. Nxd4 Nc6 5. Nc3 a6 6. Nxc6 bxc6 7. Bd3 d5 8.
O-O Nf6 9. Re1 Be7 10. Qe2 d4 11. Na4 e5 12. f4 O-O 13. b3 exf4 14. Bxf4 Bg4
15. Qf2 c5 16. Nb2 Nh5 17. Bd2 Bh4 18. g3 Bg5 19. Nc4 Bxd2 20. Nxd2 1/2-1/2

[Event "4NCL Division 4 South"]
[Site "Daventry, ENG"]
[Date "2019.02.10"]
[Round "6.56"]
[White "Dixon, Chris"]
[Black "Kolani, Arjun"]
[Result "1/2-1/2"]
[WhiteElo "1761"]
[BlackElo "1589"]
[PlyCount "82"]
[EventDate "2019.02.10"]
[WhiteTeam "The Full Ponty"]
[BlackTeam "Sussex Martlets 3"]

1. Nf3 Nf6 2. g3 d5 3. Bg2 e6 4. O-O Be7 5. d3 O-O 6. Nbd2 c5 7. Re1 Qc7 8. e4
Nc6 9. e5 Nd7 10. Qe2 f6 11. exf6 Nxf6 12. c3 Bd6 13. Nf1 Bd7 14. Bg5 e5 15.
Ne3 Ne7 16. Nh4 Be6 17. Bxf6 Rxf6 18. c4 d4 19. Ng4 Bxg4 20. Qxg4 Raf8 21. Re2
a6 22. Be4 b5 23. b3 Nc8 24. Nf5 g6 25. Nh6+ Kg7 26. Qh3 Nb6 27. Ng4 R6f7 28.
Qh6+ Kh8 29. h4 Qd7 30. Qg5 Qe7 31. Qxe7 Rxe7 32. Bc6 bxc4 33. bxc4 Rc7 34. Be4
Na4 35. Bg2 Nc3 36. Rb2 h5 37. Nh2 Rf6 38. Nf3 Re7 39. Ng5 Bc7 40. Re1 Ba5 41.
Rf1 Rb6 1/2-1/2

[Event "4NCL Division 4 South"]
[Site "Daventry, ENG"]
[Date "2019.02.10"]
[Round "6.61"]
[White "Rabbitt, Michael"]
[Black "Hurney, Kevin"]
[Result "1/2-1/2"]
[WhiteElo "1999"]
[BlackElo "2057"]
[PlyCount "143"]
[EventDate "2019.02.10"]
[WhiteTeam "Check Innmates 2"]
[BlackTeam "Shropshire 2"]

1. e4 d6 2. d4 g6 3. Nc3 Bg7 4. Be3 Nd7 5. Qd2 c6 6. g4 Qa5 7. f4 b5 8. Nf3 Nb6
9. Rg1 Nc4 10. Bxc4 bxc4 11. Kf2 h5 12. g5 h4 13. Qe2 Ba6 14. Bd2 Qb6 15. f5
Bxd4+ 16. Nxd4 Qxd4+ 17. Be3 Qe5 18. Rad1 Rh5 19. Qf3 Qxh2+ 20. Rg2 Qe5 21. Bd4
Qa5 22. e5 Bb7 23. fxg6 fxg6 24. Qe4 O-O-O 25. Qxg6 h3 26. Rg4 dxe5 27. Qxh5
exd4 28. Qxh3 Qf5+ 29. Kg3 Qe5+ 30. Rf4+ Kb8 31. Qf5 Qg7 32. Ne4 Bc8 33. Qc5 e5
34. Rf3 Qh7 35. Qxe5+ Ka8 36. Rxd4 Rxd4 37. Qxd4 Ne7 38. Qe5 Nf5+ 39. Kf2 Qh4+
40. Ke2 Qg4 41. c3 Nh4 42. Qf4 Qg2+ 43. Nf2 Nxf3 44. Qxf3 Qxg5 45. Qxc6+ Kb8
46. Qxc4 Qf6 47. Qd4 Qe6+ 48. Kd2 Qxa2 49. Qd6+ Kb7 50. Nd3 Qf7 51. Nf4 Qb3 52.
Qd5+ Qxd5+ 53. Nxd5 Be6 54. Ne3 a5 55. c4 Kb6 56. Kc3 Kc5 57. b3 Bc8 58. Nd1
Be6 59. Nf2 Bg8 60. Ne4+ Kc6 61. Kd4 Bf7 62. Nf2 Bh5 63. Nd3 Bd1 64. Ne5+ Kc7
65. Kc3 Kd6 66. Nd3 Kc6 67. Nf2 Bf3 68. Kd4 Bh5 69. Ne4 Bd1 70. Nd2 Bc2 71. c5
a4 72. bxa4 1/2-1/2

[Event "4NCL Division 4 South"]
[Site "Daventry, ENG"]
[Date "2019.02.10"]
[Round "6.62"]
[White "Paul, Nathanael"]
[Black "Girdlestone, Paul C"]
[Result "1/2-1/2"]
[WhiteElo "2057"]
[BlackElo "2010"]
[PlyCount "129"]
[EventDate "2019.02.10"]
[WhiteTeam "Shropshire 2"]
[BlackTeam "Check Innmates 2"]

1. d4 Nf6 2. Bf4 e6 3. e3 d5 4. c3 Bd6 5. Bg3 Qe7 6. Nf3 Bxg3 7. hxg3 Nc6 8.
Nbd2 Bd7 9. Ne5 O-O-O 10. Nxd7 Qxd7 11. Qa4 a6 12. b4 Na7 13. Qb3 e5 14. a4
exd4 15. cxd4 Rhe8 16. b5 Re6 17. bxa6 bxa6 18. Rb1 Rb6 19. Bxa6+ Kb8 20. Qd3
Qxa4 21. O-O Rdd6 22. Ra1 Qc6 23. Rfc1 Rxa6 24. Rab1+ Rb6 25. Rxc6 Rdxc6 26.
Ra1 Nb5 27. Qb3 Kc8 28. Qa4 Nd6 29. Qa8+ Kd7 30. Nf3 Ke6 31. Ne5 Rc2 32. Nd3
Rb5 33. Qd8 Kf5 34. Qe7 g5 35. Ne5 g4 36. Nd3 Kg6 37. Nf4+ Kg7 38. Nh5+ Nxh5
39. Qg5+ Kf8 40. Qxh5 f5 41. Ra8+ Ke7 42. Qg5+ Kd7 43. Qd8+ Ke6 44. Qg8+ Kd7
45. Qxh7+ Kc6 46. Ra1 Rbb2 47. Rf1 Rb8 48. Qg6 Kd7 49. Qg7+ Kc6 50. Qf6 Kd7 51.
Qg7+ Kc6 52. Qh6 Rbb2 53. Qf8 Kd7 54. Qa8 Ke6 55. Qg8+ Kf6 56. Qxd5 Ne4 57.
Qe5+ Kg6 58. Qe6+ Kg5 59. Qg8+ Kh5 60. Qh7+ Kg5 61. f4+ Kf6 62. Qh2 Kg7 63. Ra1
Ra2 64. Rd1 Rd2 65. Rc1 1/2-1/2

[Event "4NCL Division 4 South"]
[Site "Daventry, ENG"]
[Date "2019.02.10"]
[Round "6.63"]
[White "Tomboline, David"]
[Black "Bowcott-Terry, Finlay"]
[Result "1/2-1/2"]
[WhiteElo "1946"]
[BlackElo "2050"]
[PlyCount "109"]
[EventDate "2019.02.10"]
[WhiteTeam "Check Innmates 2"]
[BlackTeam "Shropshire 2"]

1. d4 f5 2. Nf3 Nf6 3. Bf4 e6 4. e3 Be7 5. h3 b6 6. Be2 Bb7 7. O-O O-O 8. Nbd2
a5 9. a4 Na6 10. c3 h6 11. Ne5 Qe8 12. Bf3 Bd5 13. Bh2 d6 14. Bxd5 Nxd5 15. Nd3
Nf6 16. Qe2 d5 17. Nf3 g5 18. Be5 Qg6 19. Bxf6 Bxf6 20. Nfe5 Qg7 21. Qh5 Bxe5
22. Nxe5 Rf6 23. f4 Kh7 24. Rf3 gxf4 25. exf4 Rg8 26. Rf2 Qg3 27. Re1 Nb8 28.
Ree2 c5 29. Rf3 Qg7 30. Rfe3 Nd7 31. Nf3 Nf8 32. Nh4 Qf7 33. Qxf7+ Rxf7 34. Kh2
Rc7 35. Rd2 Rgg7 36. Nf3 Rge7 37. Ne5 Ng6 38. Nxg6 Kxg6 39. g4 Kf6 40. Kg3 Rcd7
41. Re5 Rb7 42. Kf3 cxd4 43. Rxd4 fxg4+ 44. hxg4 b5 45. Rh5 bxa4 46. Rxa4 Rxb2
47. Rxa5 Rb3 48. Rxh6+ Kg7 49. g5 Rxc3+ 50. Kg4 Rc4 51. Kf3 Rc3+ 52. Kg4 Rc1
53. Ra8 Rg1+ 54. Kf3 Rf1+ 55. Kg4 1/2-1/2

[Event "4NCL Division 4 South"]
[Site "Daventry, ENG"]
[Date "2019.02.10"]
[Round "6.64"]
[White "Zdanowski, Adrian"]
[Black "Parker, Francis"]
[Result "0-1"]
[WhiteElo "2012"]
[BlackElo "1984"]
[PlyCount "76"]
[EventDate "2019.02.10"]
[WhiteTeam "Shropshire 2"]
[BlackTeam "Check Innmates 2"]

1. Nf3 d5 2. d4 Bg4 3. Ne5 Bf5 4. g3 f6 5. Nf3 Qd7 6. Bg2 Nc6 7. Bf4 g5 8. Be3
Bh3 9. O-O O-O-O 10. c3 h5 11. b4 Bxg2 12. Kxg2 e6 13. a4 Nh6 14. a5 Bd6 15. b5
Ne7 16. b6 a6 17. bxc7 Qxc7 18. Qd3 Nhf5 19. Nbd2 g4 20. Ng1 h4 21. f4 gxf3+
22. Ndxf3 hxg3 23. h3 Ng6 24. Rfc1 Bf4 25. Bd2 Bxd2 26. Qxd2 Nf4+ 27. Kf1 g2+
28. Ke1 Nxh3 29. Kd1 Nf2+ 30. Kc2 Ng4 31. Qd3 Nf2 32. Qd2 Qh7 33. Kb3 Nd6 34.
Qf4 Qd7 35. Qg3 Qb5+ 36. Kc2 Nfe4 37. Qxg2 Nc4 38. Qg7 Ne3# 0-1

[Event "4NCL Division 4 South"]
[Site "Daventry, ENG"]
[Date "2019.02.10"]
[Round "6.65"]
[White "Bourne, Johnathan D"]
[Black "Portman, Carl S"]
[Result "1/2-1/2"]
[WhiteElo "1907"]
[BlackElo "1967"]
[PlyCount "35"]
[EventDate "2019.02.10"]
[WhiteTeam "Check Innmates 2"]
[BlackTeam "Shropshire 2"]

1. e4 e5 2. f4 d6 3. Nf3 Bg4 4. Be2 Nc6 5. d3 Nf6 6. Nc3 Bxf3 7. Bxf3 Nd4 8.
O-O Qd7 9. Be3 Nxf3+ 10. Qxf3 Qg4 11. Nd5 Qxf3 12. Nxf6+ gxf6 13. Rxf3 c5 14.
Raf1 Be7 15. b3 b5 16. Bf2 Rg8 17. Bh4 Rg7 18. c4 1/2-1/2

[Event "4NCL Division 4 South"]
[Site "Daventry, ENG"]
[Date "2019.02.10"]
[Round "6.66"]
[White "Jamieson, Ian"]
[Black "Headlong, Benjamin"]
[Result "1-0"]
[WhiteElo "1967"]
[BlackElo "1765"]
[PlyCount "53"]
[EventDate "2019.02.10"]
[WhiteTeam "Shropshire 2"]
[BlackTeam "Check Innmates 2"]

1. b4 d5 2. Nf3 Bg4 3. Bb2 e6 4. e3 Bxf3 5. Qxf3 Nf6 6. b5 Nbd7 7. c4 Nb6 8.
cxd5 Nbxd5 9. Bc4 Nb4 10. Na3 Nd3+ 11. Bxd3 Qxd3 12. Qxb7 Rd8 13. Qc6+ Rd7 14.
Qc3 Ne4 15. Qxd3 Rxd3 16. Nc4 Bb4 17. Rd1 O-O 18. Ke2 Rfd8 19. Bc1 R3d5 20. f3
Nc5 21. a3 Bxa3 22. Bxa3 Nd3 23. Rb1 Rb8 24. Rb3 c6 25. Rxd3 cxb5 26. Rxd5 exd5
27. Na5 1-0

[Event "4NCL Division 4 South"]
[Site "Daventry, ENG"]
[Date "2019.02.10"]
[Round "6.71"]
[White "Paterson, Andrew I"]
[Black "Buttell, David"]
[Result "1-0"]
[WhiteElo "2065"]
[BlackElo "1945"]
[PlyCount "87"]
[EventDate "2019.02.10"]
[WhiteTeam "Warwickshire Select 2"]
[BlackTeam "Celtic Tigers 2"]

1. g3 e5 2. Bg2 Ne7 3. c4 g6 4. Nc3 Bg7 5. Nf3 Nbc6 6. O-O d6 7. d3 O-O 8. Rb1
Bd7 9. b4 Qc8 10. b5 Nd8 11. e4 Ne6 12. a4 a6 13. b6 c5 14. Nd5 Nxd5 15. cxd5
Nd8 16. Nd2 f6 17. Nc4 Nf7 18. Qb3 Qe8 19. Ra1 Qe7 20. Be3 Kh8 21. Rac1 Rab8
22. Qa3 Bc8 23. f3 Rd8 24. Qa2 g5 25. Rf2 f5 26. f4 gxf4 27. gxf4 Rg8 28. Kh1
Bd7 29. Qc2 Rbd8 30. Rcf1 exf4 31. Rxf4 Ne5 32. Bh3 Ng6 33. R4f2 f4 34. Bxd7
fxe3 35. Rf7 Qg5 36. Nxd6 Ne5 37. R7f5 Qe7 38. Nf7+ Nxf7 39. Rxf7 Qd6 40. Bf5
Qxb6 41. Rb1 Qa5 42. Qe2 Qd2 43. Qh5 h6 44. Qxh6+ 1-0

[Event "4NCL Division 4 South"]
[Site "Daventry, ENG"]
[Date "2019.02.10"]
[Round "6.72"]
[White "Tivillier, Jacques"]
[Black "Ingram, Keith R"]
[Result "1-0"]
[WhiteElo "1915"]
[BlackElo "1965"]
[PlyCount "93"]
[EventDate "2019.02.10"]
[WhiteTeam "Celtic Tigers 2"]
[BlackTeam "Warwickshire Select 2"]

1. e4 e5 2. Nf3 Nf6 3. Nxe5 d6 4. Nf3 Nxe4 5. Nc3 Nxc3 6. dxc3 Be7 7. Be3 O-O
8. Qd2 Nc6 9. O-O-O Bg4 10. h3 Bh5 11. g4 Bg6 12. Be2 Be4 13. Rhg1 Ne5 14. Nd4
c5 15. Nf5 Bf3 16. Rg3 Bxe2 17. Qxe2 Re8 18. Bxc5 Bg5+ 19. Be3 d5 20. f4 Bh4
21. fxe5 Bxg3 22. Nxg3 Rxe5 23. Qd3 Qa5 24. Bd4 Re6 25. a3 Rae8 26. Qf5 Qb5 27.
Nh5 Re1 28. Qd3 Rxd1+ 29. Qxd1 Re2 30. Nxg7 Rh2 31. Nf5 Rxh3 32. Ne7+ Kf8 33.
Nxd5 Qc4 34. b3 Qc6 35. c4 Qh6+ 36. Kb2 Rh1 37. Bc5+ Kg7 38. Qd4+ f6 39. Ne3
Qh3 40. Qd7+ Kg6 41. Bd4 Qf3 42. Qe6 Kg5 43. Qf7 Re1 44. Qg7+ Kh4 45. Qxh7+ Kg3
46. Qc7+ Qf4 47. Qxf4+ 1-0

[Event "4NCL Division 4 South"]
[Site "Daventry, ENG"]
[Date "2019.02.10"]
[Round "6.73"]
[White "Ali, Golam S"]
[Black "Kelmendi, Bajrush"]
[Result "1-0"]
[WhiteElo "1782"]
[BlackElo "1985"]
[PlyCount "103"]
[EventDate "2019.02.10"]
[WhiteTeam "Warwickshire Select 2"]
[BlackTeam "Celtic Tigers 2"]

1. d4 g6 2. c4 Bg7 3. Nc3 b6 4. e4 Bb7 5. Nf3 e6 6. Bg5 Ne7 7. Be2 h6 8. Bh4 a6
9. O-O d6 10. Qd3 Nd7 11. Rad1 c6 12. e5 dxe5 13. Ne4 Qc7 14. Bxe7 Kxe7 15.
Qa3+ c5 16. d5 exd5 17. cxd5 Kf8 18. b4 f5 19. d6 Qc6 20. Nc3 e4 21. Nh4 cxb4
22. Nxg6+ Kg8 23. Qb3+ Kh7 24. Nd5 Nc5 25. Qg3 Rhf8 26. Bh5 Nd3 27. Nde7 Qd7
28. f3 f4 29. Nxf8+ Rxf8 30. Qg6+ Kh8 31. Rxd3 Rf6 32. Bg4 Qd8 33. Qh5 exd3 34.
Nf5 d2 35. Rd1 Bc8 36. Nxg7 Kxg7 37. Rxd2 Bd7 38. Qe5 Bxg4 39. fxg4 Qd7 40. h4
Kf7 41. g5 hxg5 42. hxg5 Rf5 43. Qe4 a5 44. Rd5 Rxd5 45. Qxd5+ Kg6 46. Qe4+ Kg7
47. Qxf4 b5 48. Qf6+ Kg8 49. g6 b3 50. axb3 a4 51. Qe7 Qf5 52. Qh7+ 1-0

[Event "4NCL Division 4 South"]
[Site "Daventry, ENG"]
[Date "2019.02.10"]
[Round "6.74"]
[White "Kitchen, Peter J"]
[Black "Dicen, Imogen"]
[Result "1-0"]
[WhiteElo "1915"]
[BlackElo "1832"]
[PlyCount "167"]
[EventDate "2019.02.10"]
[WhiteTeam "Celtic Tigers 2"]
[BlackTeam "Warwickshire Select 2"]

1. Nf3 Nf6 2. d4 d5 3. c4 c6 4. Qc2 g6 5. Bf4 Bg7 6. g3 O-O 7. Bg2 Bf5 8. Qb3
Qc8 9. O-O Nbd7 10. Rd1 Nb6 11. c5 Nbd7 12. Qc3 Ne4 13. Qc1 Nef6 14. Nbd2 Re8
15. b4 Nh5 16. Nb3 Nxf4 17. gxf4 Qc7 18. a4 Bh6 19. e3 Nf6 20. Ne5 Nd7 21. Nf3
Nf6 22. Nfd2 Qd7 23. Nf3 Bh3 24. Ne5 Qe6 25. Na5 Bxg2 26. Kxg2 Rab8 27. b5 Rec8
28. bxc6 bxc6 29. Rb1 Ra8 30. Rb7 Bf8 31. f3 Kg7 32. Rd3 Nh5 33. Rdb3 f6 34.
Nexc6 Rxc6 35. Nxc6 Qxc6 36. Qa3 Kf7 37. Qb4 Ng7 38. Qb5 Qe6 39. Qd7 Qxd7 40.
Rxd7 Ke6 41. Rbb7 Nf5 42. Kf2 a6 43. Ra7 Rb8 44. Rdb7 Rd8 45. Rxa6+ Kf7 46. a5
Ng7 47. Rab6 Ra8 48. a6 Ne8 49. a7 Ng7 50. Ra6 Ne6 51. c6 Nd8 52. Rb8 Rxa7 53.
Rxa7 Nxc6 54. Rbb7 Nxa7 55. Rxa7 Bh6 56. Ra8 Bg7 $11 57. e4 dxe4 58. fxe4 h5
59. d5 g5 60. f5 h4 61. Ra7 Kf8 62. Kf3 Bh6 63. Kg4 Ke8 64. Kh5 Bf8 65. Kg6 g4
66. Ra8+ Kd7 67. Rxf8 Kd6 68. Kh5 g3 69. hxg3 hxg3 70. Rg8 Ke5 71. Rxg3 Kxe4
72. Kg6 Kxd5 73. Re3 Kd6 74. Kf7 e5 75. fxe6 f5 76. e7 f4 77. Re1 Kd5 78. e8=Q
Kd4 79. Qd7+ Kc3 80. Rc1+ Kb2 81. Qd2+ Kb3 82. Qc3+ Ka4 83. Rb1 f3 84. Qb4# 1-0

[Event "4NCL Division 4 South"]
[Site "Daventry, ENG"]
[Date "2019.02.10"]
[Round "6.75"]
[White "Sandhu, Manvith"]
[Black "White, John"]
[Result "1/2-1/2"]
[WhiteElo "1742"]
[BlackElo "1787"]
[PlyCount "55"]
[EventDate "2019.02.10"]
[WhiteTeam "Warwickshire Select 2"]
[BlackTeam "Celtic Tigers 2"]

1. e4 c5 2. Nf3 e6 3. d4 cxd4 4. Nxd4 a6 5. c4 d6 6. Bd3 Qc7 7. Nc3 Be7 8. O-O
Nc6 9. Nxc6 Qxc6 10. Re1 Nf6 11. Bf4 e5 12. Bg3 Be6 13. Nd5 Bxd5 14. cxd5 Qb6
15. Qa4+ Nd7 16. b4 Rd8 17. Rac1 O-O 18. Rc3 Bg5 19. Re2 Nf6 20. a3 Rc8 21.
Rec2 Rxc3 22. Rxc3 Nh5 23. Be2 Nf6 24. Qc2 Rd8 25. Rc8 Ne8 26. h3 g6 27. Rc3
Kf8 28. Qd3 1/2-1/2